<?xml version="1.0" encoding="UTF-8"?>
<collection xmlns="http://www.loc.gov/MARC21/slim">
 <record>
  <leader>01578pam a22002418a 4500</leader>
  <controlfield tag="001">00022613</controlfield>
  <controlfield tag="005">20171026081022.0</controlfield>
  <controlfield tag="008">110601s2003                  ||||||Viesd</controlfield>
  <datafield tag="041" ind1="0" ind2="#">
   <subfield code="a">Vie</subfield>
  </datafield>
  <datafield tag="082" ind1="1" ind2="4">
   <subfield code="a">796.330 71</subfield>
   <subfield code="b">GI108TR</subfield>
  </datafield>
  <datafield tag="100" ind1="0" ind2="#">
   <subfield code="a">Đặng Ngọc Quang</subfield>
  </datafield>
  <datafield tag="245" ind1="0" ind2="0">
   <subfield code="a">Giáo trình đá cầu</subfield>
   <subfield code="b">Giáo trình dùng cho sinh viên cao đẳng sư phạm chuyên ngành Giáo dục thể chất</subfield>
   <subfield code="c">Đặng Ngọc Quang</subfield>
  </datafield>
  <datafield tag="260" ind1="#" ind2="#">
   <subfield code="a">H.</subfield>
   <subfield code="b">Đại học sư phạm</subfield>
   <subfield code="c">2003</subfield>
  </datafield>
  <datafield tag="300" ind1="#" ind2="#">
   <subfield code="a">139 tr.</subfield>
   <subfield code="c">24 cm.</subfield>
  </datafield>
  <datafield tag="500" ind1="#" ind2="#">
   <subfield code="a">Bộ giáo dục và đào tạo - Dự án đào tạo giáo viên trung học cơ sở</subfield>
  </datafield>
  <datafield tag="650" ind1="#" ind2="4">
   <subfield code="a">Đá cầu</subfield>
  </datafield>
  <datafield tag="653" ind1="#" ind2="#">
   <subfield code="a">Giáo trình</subfield>
  </datafield>
  <datafield tag="852" ind1="#" ind2="#">
   <subfield code="b">Kho giáo trình</subfield>
   <subfield code="j">KGT.0016107, KGT.0016108, KGT.0016109, KGT.0016110, KGT.0016111, KGT.0016112, KGT.0016113, KGT.0016114, KGT.0016115, KGT.0016116, KGT.0016117, KGT.0016118, KGT.0016119, KGT.0016120, KGT.0016121, KGT.0016122, KGT.0016123, KGT.0016124, KGT.0016125, KGT.0016126, KGT.0016127, KGT.0016128, KGT.0016129</subfield>
  </datafield>
  <datafield tag="852" ind1="#" ind2="#">
   <subfield code="b">Kho mượn</subfield>
   <subfield code="j">KGT.0016107, KGT.0052588</subfield>
  </datafield>
  <datafield tag="852" ind1="#" ind2="#">
   <subfield code="b">Kho đọc</subfield>
   <subfield code="j">KD.0009559</subfield>
  </datafield>
  <datafield tag="852" ind1="#" ind2="#">
   <subfield code="j">KGT.0016108</subfield>
   <subfield code="j">KGT.0016109</subfield>
   <subfield code="j">KGT.0016111</subfield>
   <subfield code="j">KGT.0016112</subfield>
   <subfield code="j">KGT.0016114</subfield>
   <subfield code="j">KGT.0016116</subfield>
   <subfield code="j">KGT.0016117</subfield>
   <subfield code="j">KGT.0016119</subfield>
   <subfield code="j">KGT.0016120</subfield>
   <subfield code="j">KGT.0016122</subfield>
   <subfield code="j">KGT.0016123</subfield>
   <subfield code="j">KGT.0016125</subfield>
   <subfield code="j">KGT.0016126</subfield>
   <subfield code="j">KGT.0016128</subfield>
   <subfield code="j">KGT.0016129</subfield>
   <subfield code="j">KGT.0052588</subfield>
   <subfield code="j">KD.0009559</subfield>
   <subfield code="j">KGT.0016107</subfield>
   <subfield code="j">KGT.0016110</subfield>
   <subfield code="j">KGT.0016113</subfield>
   <subfield code="j">KGT.0016115</subfield>
   <subfield code="j">KGT.0016118</subfield>
   <subfield code="j">KGT.0016121</subfield>
   <subfield code="j">KGT.0016124</subfield>
   <subfield code="j">KGT.0016127</subfield>
  </datafield>
  <datafield tag="910" ind1="0" ind2="#">
   <subfield code="a">Hoa Lê</subfield>
   <subfield code="d">01/06/2011</subfield>
  </datafield>
  <datafield tag="980" ind1="#" ind2="#">
   <subfield code="a">Trung tâm Học liệu Lê Vũ Hùng, Trường Đại học Đồng Tháp</subfield>
  </datafield>
 </record>
</collection>
